[Event "2BLO 2122 SK Passau - Erfurter SK"]
[Site "?"]
[Date "2022.07.02"]
[Round "9.8"]
[White "Linhart, Wolfgang"]
[Black "Scheftlein, Richard"]
[Result "0-1"]
[WhiteElo "2129"]
[BlackElo "2268"]
[PlyCount "110"]
[EventDate "2022.??.??"]

1. d4 Nf6 2. Nf3 d5 3. e3 c5 4. c3 cxd4 5. exd4 Nc6 6. Bd3 Bg4 7. Nbd2 e6 8. h3
Bh5 9. O-O Bd6 10. Re1 Qc7 11. Qa4 O-O 12. Bb5 Rfc8 13. Bxc6 bxc6 14. Ne5 c5
15. Ndf3 cxd4 16. Qxd4 Ne4 17. Be3 Rab8 18. g4 Bg6 19. Nxg6 hxg6 20. Rab1 Bc5
21. Qd3 Bxe3 22. Qxe3 Rb6 23. Nd2 Nxd2 24. Qxd2 Qc4 25. Ra1 Ra6 26. Qe2 Qc6 27.
Qd3 Rb6 28. Re2 Qa4 29. Rd2 Rcb8 30. Qe2 a5 31. Kg2 Qc6 32. f3 Qc5 33. Qf2 a4
34. Rc2 g5 35. a3 d4 36. cxd4 Qxc2 37. Qxc2 Rxb2 38. Rc1 Kf8 39. Kf2 Rxc2+ 40.
Rxc2 Rb3 41. Ra2 Ke7 42. Rc2 Kd6 43. Rc5 f6 44. Ra5 Rxa3 45. Kg2 Kc6 46. Kf2
Kb6 47. Ra8 Kb5 48. Rb8+ Kc4 49. Rb6 Rd3 50. Rxe6 a3 51. Ra6 Kb3 52. Rb6+ Kc2
53. Ra6 Kb2 54. d5 a2 55. Ke2 Ra3 0-1

[Event "2BLO 2122 SC Erlangen - SG 1871 Löberi"]
[Site "?"]
[Date "2022.07.03"]
[Round "10.1"]
[White "Pallas, Sebastian"]
[Black "Miller, Eduard"]
[Result "0-1"]
[WhiteElo "2236"]
[BlackElo "2348"]
[PlyCount "62"]
[EventDate "2022.??.??"]

1. e4 c6 2. d4 d5 3. Nc3 dxe4 4. Nxe4 Nf6 5. Nxf6+ exf6 6. c3 Bd6 7. Bd3 Nd7 8.
Be3 Nf8 9. Ne2 Ng6 10. h4 Ne7 11. Qc2 Be6 12. c4 h5 13. Nc3 f5 14. g3 O-O 15.
f4 b5 16. b3 bxc4 17. bxc4 Re8 18. Kf2 Nc8 19. d5 Bd7 20. Bxf5 Bxf5 21. Qxf5
Bb4 22. Qd3 Nd6 23. Kg2 Bxc3 24. Qxc3 cxd5 25. cxd5 Rc8 26. Qd3 Rxe3 27. Qxe3
Rc2+ 28. Kg1 Nf5 29. Qb3 Nd4 30. Qd3 Qxd5 31. Rd1 Qg2# 0-1

[Event "2BLO 2122 SC Erlangen - SG 1871 Löberi"]
[Site "?"]
[Date "2022.07.03"]
[Round "10.2"]
[White "Klek, Hanna Marie"]
[Black "Schuetze, Norman"]
[Result "1/2-1/2"]
[WhiteElo "2373"]
[BlackElo "2292"]
[PlyCount "66"]
[EventDate "2022.??.??"]

1. e4 e5 2. Nf3 Nc6 3. Bb5 a6 4. Ba4 d6 5. c3 f5 6. exf5 Bxf5 7. d4 e4 8. Qe2
Be7 9. Nfd2 d5 10. O-O Nf6 11. f3 O-O 12. fxe4 Nxe4 13. Nxe4 Bxe4 14. Nd2 Rxf1+
15. Qxf1 Bg6 16. Nf3 Qd6 17. Bg5 Bxg5 18. Nxg5 Rf8 19. Qe2 Re8 20. Qf2 Rf8 21.
Qg3 Qxg3 22. hxg3 Nd8 23. Re1 h6 24. Nf3 c6 25. Ne5 Re8 26. Rf1 Be4 27. b4 Re7
28. Bd1 Nf7 29. Nxf7 Rxf7 30. Rxf7 Kxf7 31. Bg4 Ke7 32. Bc8 Bd3 33. Kf2 b6 {(=)
} 1/2-1/2

[Event "2BLO 2122 SC Erlangen - SG 1871 Löberi"]
[Site "?"]
[Date "2022.07.03"]
[Round "10.3"]
[White "Schindler, Christian"]
[Black "Mijovic, Stefan"]
[Result "0-1"]
[WhiteElo "2181"]
[BlackElo "2399"]
[PlyCount "138"]
[EventDate "2022.??.??"]

1. d4 d5 2. Nf3 Nf6 3. c4 e6 4. Bg5 Be7 5. e3 h6 6. Bf4 O-O 7. Nc3 c5 8. cxd5
Nxd5 9. Nxd5 Qxd5 10. Be2 cxd4 11. exd4 Nc6 12. O-O Rd8 13. Bc7 Rd7 14. Be5 b6
15. Rc1 Bb7 16. Bc4 Qa5 17. Qb3 Nxe5 18. dxe5 Bxf3 19. Qxf3 Rad8 20. Rcd1 Qxe5
21. Rxd7 Rxd7 22. b3 Bc5 23. Qa8+ Kh7 24. Qe8 Qc7 25. Qa8 Rd2 26. Qe4+ g6 27.
a4 Qd6 28. g3 h5 29. Kg2 Kg7 30. h4 Bd4 31. Qb7 Qe5 32. Qc6 Rc2 33. Qb7 Qd6 34.
Qe4 Rd2 35. Qb7 Bc5 36. Qe4 e5 37. Qf3 Qd7 38. Qe4 Qe7 39. Bb5 Qf6 40. Be2 Bd4
41. Bf3 Qe7 42. Qc6 Qa3 43. Bd5 Qb2 44. Qd7 Rxf2+ 45. Rxf2 Qxf2+ 46. Kh3 a5 47.
Qe8 Qf6 48. Qd7 Bg1 49. Bg2 Qf2 50. Qd3 Qd4 51. Qxd4 Bxd4 52. Be4 Bf2 53. Kg2
Be1 54. Kf3 f5 55. Bc6 e4+ 56. Kg2 g5 57. Kh3 g4+ 58. Kg2 f4 59. gxf4 e3 60.
Bb5 Bxh4 61. Bd3 Kf6 62. Kf1 Bg3 63. f5 Be5 64. Ke2 Bd4 65. Kf1 Kg5 66. Kg2 h4
67. Kh2 Kf4 68. Kg2 h3+ 69. Kf1 g3 0-1

[Event "2BLO 2122 SC Erlangen - SG 1871 Löberi"]
[Site "?"]
[Date "2022.07.03"]
[Round "10.4"]
[White "Schulz, Lukas"]
[Black "Mertens, Fridolin"]
[Result "0-1"]
[WhiteElo "2276"]
[BlackElo "2113"]
[PlyCount "110"]
[EventDate "2022.??.??"]

1. e4 c5 2. Nf3 d6 3. d4 cxd4 4. Nxd4 Nf6 5. Nc3 a6 6. h3 e5 7. Nde2 h5 8. Be3
Be6 9. Nd5 Bxd5 10. exd5 Nbd7 11. c4 g6 12. Nc3 Bh6 13. Bxh6 Rxh6 14. Qd2 Rh8
15. Be2 Kf8 16. O-O Kg7 17. f4 exf4 18. Rxf4 Qb6+ 19. Kh1 Rae8 20. Raf1 Re5 21.
Bd3 Rhe8 22. Bb1 R8e7 23. Na4 Qc7 24. Qd4 b5 25. cxb5 Nxd5 26. R4f3 axb5 27.
Nc3 Nxc3 28. Rxc3 Qb6 29. Qxb6 Nxb6 30. Bd3 Nd5 31. Rb3 b4 32. Rf2 Ra7 33. Bc4
Rxa2 34. Rxf7+ Kxf7 35. Rf3+ Ke6 36. Bxa2 Re1+ 37. Kh2 Ke5 38. Rf8 Ne3 39. Re8+
Kd4 40. Rb8 Re2 41. Rxb4+ Ke5 42. Rb7 Rxg2+ 43. Kh1 d5 44. Bb3 Rg3 45. Ba4
Rxh3+ 46. Kg1 g5 47. b4 Kd4 48. b5 Rf3 49. b6 Rf1+ 50. Kh2 h4 51. Rh7 Rb1 52.
b7 g4 53. Rxh4 Rb2+ 54. Kg1 Rxb7 55. Be8 Ke4 0-1

[Event "2BLO 2122 SC Erlangen - SG 1871 Löberi"]
[Site "?"]
[Date "2022.07.03"]
[Round "10.5"]
[White "Otikova, Elina"]
[Black "Hilverda, Alexander"]
[Result "1-0"]
[WhiteElo "2072"]
[BlackElo "2300"]
[PlyCount "81"]
[EventDate "2022.??.??"]

1. e4 c5 2. Nf3 e6 3. d4 cxd4 4. Nxd4 a6 5. Nc3 b5 6. Bd3 Qb6 7. Nb3 Qc7 8. O-O
Bb7 9. f4 d6 10. Kh1 Nd7 11. a4 b4 12. Na2 Ngf6 13. Qe2 d5 14. exd5 Bxd5 15.
Bd2 a5 16. Nd4 Be7 17. c3 O-O 18. cxb4 Bxa2 19. Rxa2 Qb6 20. Nb5 Bxb4 21. Bxb4
axb4 22. b3 Rfc8 23. Bc4 Nc5 24. f5 Nfe4 25. fxe6 fxe6 26. Qe1 Rf8 27. Rxf8+
Rxf8 28. Re2 Rf4 29. Nd4 Qd6 30. Nxe6 Nxe6 31. g3 Nf2+ 32. Rxf2 Rxc4 33. bxc4
Qc6+ 34. Kg1 Ng5 35. Qf1 Qc5 36. Qg2 h6 37. h4 b3 38. hxg5 b2 39. Qa8+ Kh7 40.
Qe4+ Kg8 41. Qe8+ 1-0

[Event "2BLO 2122 SC Erlangen - SG 1871 Löberi"]
[Site "?"]
[Date "2022.07.03"]
[Round "10.6"]
[White "Ott, Florian"]
[Black "Boehm, Christian"]
[Result "1/2-1/2"]
[WhiteElo "2292"]
[BlackElo "2078"]
[PlyCount "95"]
[EventDate "2022.??.??"]

1. d4 Nf6 2. c4 g6 3. Nc3 Bg7 4. e4 d6 5. Be2 O-O 6. Bg5 c5 7. d5 h6 8. Bf4 e6
9. dxe6 Bxe6 10. Qd2 Qa5 11. Nf3 Nc6 12. Bxh6 Nxe4 13. Nxe4 Bxh6 14. Qxa5 Nxa5
15. b3 f5 16. Neg5 Rfe8 17. Rd1 Rad8 18. h4 Kg7 19. O-O Bg8 20. Rd2 d5 21. cxd5
Rxd5 22. Rc2 Kf6 23. Rfc1 Bf8 24. Nh3 Bh6 25. Nfg5 b6 26. Bf3 Rd6 27. b4 cxb4
28. Rb2 b3 29. axb3 Nxb3 30. Rc7 Re1+ 31. Kh2 Re7 32. Rc8 Kg7 33. Rxg8+ Kxg8
34. Rxb3 Bg7 35. Nf4 Be5 36. g3 Bxf4 37. gxf4 Kg7 38. h5 gxh5 39. Rb5 Kg6 40.
Kg3 Rd4 41. Nh3 Rd3 42. Ng5 Rc7 43. Re5 Rc4 44. Re6+ Kg7 45. Re7+ Kg6 46. Re6+
Kg7 47. Re7+ Kg6 48. Re6+ 1/2-1/2

[Event "2BLO 2122 SC Erlangen - SG 1871 Löberi"]
[Site "?"]
[Date "2022.07.03"]
[Round "10.7"]
[White "Deutsch, Joey"]
[Black "Liepold, Stefan"]
[Result "1-0"]
[WhiteElo "1948"]
[BlackElo "2176"]
[PlyCount "78"]
[EventDate "2022.??.??"]

1. d4 Nf6 2. c4 g6 3. Nc3 d5 4. cxd5 Nxd5 5. e4 Nxc3 6. bxc3 Bg7 7. Be3 c5 8.
Qd2 Qa5 9. Rc1 cxd4 10. cxd4 Qxd2+ 11. Kxd2 O-O 12. Bd3 Rd8 13. Ne2 Nc6 14. Rc4
f5 15. f3 fxe4 16. fxe4 Bg4 17. d5 Ne5 18. Rc7 Nxd3 19. Kxd3 Rd7 20. Rhc1 Be5
21. Rxd7 Bxd7 22. Bf4 Bxf4 23. Nxf4 g5 24. Ne2 Re8 25. Rc7 e6 26. Kd4 exd5 27.
exd5 b5 28. Kc5 a5 29. Nd4 b4 30. d6 Kf8 31. Nc6 Bxc6 32. Kxc6 a4 33. Rb7 Rc8+
34. Kd7 Ra8 35. Rxb4 Kf7 36. Re4 Ra7+ 37. Kc6 Ra6+ 38. Kc7 Ra7+ 39. Kb6 Ra8 {
(ZÜ)} 1-0

[Event "2BLO 2122 SC Erlangen - SG 1871 Löberi"]
[Site "?"]
[Date "2022.07.03"]
[Round "10.8"]
[White "Willim, Michael"]
[Black "Schaefer, Reyk"]
[Result "1/2-1/2"]
[WhiteElo "2102"]
[BlackElo "2099"]
[PlyCount "43"]
[EventDate "2022.??.??"]

1. c4 g6 2. Nc3 Bg7 3. e4 c5 4. g3 e6 5. Bg2 Ne7 6. Nge2 Nbc6 7. a3 O-O 8. b4
b6 9. Rb1 d6 10. h4 h5 11. d3 e5 12. O-O Bg4 13. f3 Be6 14. Nd5 Nd4 15. bxc5
dxc5 16. Nxd4 cxd4 17. Bd2 Nxd5 18. cxd5 Bd7 19. Qb3 Rc8 20. Rbc1 Rxc1 21. Rxc1
Qb8 22. Kh2 {(=)} 1/2-1/2

[Event "2BLO 2122 SV Deggendorf - Nickelhütte "]
[Site "?"]
[Date "2022.07.03"]
[Round "10.2"]
[White "Sedlak, Nikola"]
[Black "Slobodjan, Roman"]
[Result "1-0"]
[WhiteElo "2477"]
[BlackElo "2448"]
[PlyCount "91"]
[EventDate "2022.??.??"]

1. e4 e5 2. Bc4 Nf6 3. d3 c6 4. Nf3 Be7 5. O-O d6 6. Re1 h6 7. Bb3 Bg4 8. Nbd2
Nh7 9. Nf1 Ng5 10. Bxg5 Bxg5 11. h3 Bxf3 12. Qxf3 Qf6 13. Qe2 Nd7 14. g3 Qe7
15. h4 Bf6 16. c3 Nc5 17. Bc2 h5 18. Ne3 Ne6 19. b4 g5 20. Nf5 Qc7 21. hxg5
Bxg5 22. d4 h4 23. dxe5 hxg3 24. Nxd6+ Ke7 25. Nf5+ Ke8 26. fxg3 Qxe5 27. Qf3
Rd8 28. Rad1 Bd2 29. Rf1 Ng5 30. Qe2 Qxc3 31. Bb3 Rd3 32. Kg2 Rh3 33. Qg4 Qb2
34. Rf2 Qh8 35. Bxf7+ Kxf7 36. Ne3+ Ke8 37. Nf1 Rdxg3+ 38. Nxg3 Rh2+ 39. Kf1
Rxf2+ 40. Kxf2 Qh2+ 41. Kf1 Nf7 42. Qg8+ Ke7 43. Nf5+ Kf6 44. Qg7+ Ke6 45. Qg6+
Ke5 46. Qxf7 1-0

[Event "2BLO 2122 SV Deggendorf - Nickelhütte "]
[Site "?"]
[Date "2022.07.03"]
[Round "10.3"]
[White "Gaponenko, Inna"]
[Black "Delchev, Aleksander"]
[Result "1/2-1/2"]
[WhiteElo "2331"]
[BlackElo "2490"]
[PlyCount "54"]
[EventDate "2022.??.??"]

1. e4 c5 2. c3 Nf6 3. e5 Nd5 4. Nf3 d6 5. d4 cxd4 6. cxd4 Nc6 7. Bc4 Nb6 8. Bb5
dxe5 9. Nxe5 Bd7 10. Nxd7 Qxd7 11. Nc3 e6 12. O-O Rd8 13. Bg5 Be7 14. Bxe7 Qxe7
15. Qf3 O-O 16. Bxc6 bxc6 17. Qxc6 Rxd4 18. Rad1 Rc4 19. Qd6 Qb7 20. Qd3 Qc6
21. Qd6 Qa8 22. Rd3 Na4 23. Nxa4 Rxa4 24. a3 Rg4 25. g3 Rc4 26. Rfd1 Qb7 27. b4
h6 {(=)} 1/2-1/2

[Event "2BLO 2122 SV Deggendorf - Nickelhütte "]
[Site "?"]
[Date "2022.07.03"]
[Round "10.4"]
[White "Stojanovic, Dalibor"]
[Black "Londyn, Radek"]
[Result "1-0"]
[WhiteElo "2477"]
[BlackElo "2395"]
[PlyCount "117"]
[EventDate "2022.??.??"]

1. e4 g6 2. d4 d6 3. Nc3 a6 4. Be3 Bg7 5. Nf3 b5 6. Bd3 Nd7 7. Ne2 c5 8. c3 Bb7
9. Ng3 Ngf6 10. O-O O-O 11. h3 c4 12. Bc2 e5 13. d5 Kh8 14. Qd2 Ng8 15. Nh2 Qe7
16. f4 exf4 17. Bxf4 Ne5 18. Nf3 Bc8 19. Nxe5 Bxe5 20. Ne2 Bd7 21. Nd4 f6 22.
Be3 Kg7 23. Nf3 h6 24. a4 Rfb8 25. Nd4 Qe8 26. Ra2 Qc8 27. Rfa1 Qb7 28. axb5
axb5 29. Ra7 Rxa7 30. Rxa7 Qc8 31. Ne6+ Kh8 32. Rc7 Bxe6 33. Rxc8 Bxc8 34. Bd4
Kg7 35. Bd1 h5 36. g4 hxg4 37. hxg4 Nh6 38. Bxe5 fxe5 39. g5 Nf7 40. Qf2 Rb7
41. Qf6+ Kh7 42. Bh5 Nh8 43. Qxd6 gxh5 44. Qc6 Rg7 45. Qxc8 Rxg5+ 46. Kh2 Nf7
47. Qf8 Kg6 48. d6 Rg4 49. d7 Rxe4 50. Qg8+ Kf6 51. d8=Q+ Nxd8 52. Qxd8+ Kf5
53. Qd7+ Kf4 54. Qxb5 h4 55. Kh3 Ke3 56. b3 cxb3 57. Qxb3 Rf4 58. Qd5 e4 59.
Qg5 1-0

[Event "2BLO 2122 SV Deggendorf - Nickelhütte "]
[Site "?"]
[Date "2022.07.03"]
[Round "10.5"]
[White "Eichner, Sebastian"]
[Black "Bogosavljevic, Boban"]
[Result "0-1"]
[WhiteElo "2352"]
[BlackElo "2522"]
[PlyCount "56"]
[EventDate "2022.??.??"]

1. c4 c5 2. g3 Nc6 3. Bg2 g6 4. h4 Nf6 5. Nc3 Bg7 6. e3 O-O 7. Nge2 d6 8. d3
Bg4 9. f3 Bd7 10. h5 Nxh5 11. g4 Nf6 12. Ng3 h6 13. e4 g5 14. Be3 Rb8 15. Qd2
b5 16. Bxg5 hxg5 17. Qxg5 e6 18. Qh4 bxc4 19. g5 Re8 20. O-O-O Kf8 21. dxc4 Ng8
22. Rxd6 Bxc3 23. bxc3 Qa5 24. Ne2 Qxa2 25. Kd1 Rb1+ 26. Nc1 Rxc1+ 27. Kxc1 Rb8
28. Rxd7 Rb1# 0-1

[Event "2BLO 2122 SV Deggendorf - Nickelhütte "]
[Site "?"]
[Date "2022.07.03"]
[Round "10.6"]
[White "Popovic, Dusan"]
[Black "Langrock, Hannes"]
[Result "1/2-1/2"]
[WhiteElo "2484"]
[BlackElo "2362"]
[PlyCount "89"]
[EventDate "2022.??.??"]

1. Nf3 d5 2. g3 Bg4 3. Bg2 Nd7 4. O-O c6 5. d3 Ngf6 6. Nbd2 e5 7. h3 Bh5 8. e4
dxe4 9. dxe4 Bc5 10. Qe1 O-O 11. Nb3 Bb6 12. a4 a5 13. Be3 Qc7 14. Nfd2 Rfd8
15. Bxb6 Nxb6 16. f4 exf4 17. gxf4 Re8 18. e5 Nfd5 19. Qh4 Be2 20. Rf2 Bc4 21.
Ne4 Bxb3 22. cxb3 Qe7 23. Qg3 f6 24. Re1 fxe5 25. fxe5 Rf8 26. Ref1 Nd7 27. Nd6
Rxf2 28. Rxf2 Qxe5 29. Qxe5 Nxe5 30. Nxb7 Ra7 31. Nd8 Nb4 32. Re2 Re7 33. Nb7
Rxb7 34. Rxe5 Ra7 35. Rc5 Ra6 36. Bf1 Ra7 37. Bg2 Ra6 38. Be4 g6 39. h4 Kf7 40.
h5 Kf6 41. Kf2 Ke6 42. hxg6 hxg6 43. Rg5 Kd6 44. Ke3 Kc7 45. Rxg6 1/2-1/2

[Event "2BLO 2122 SV Deggendorf - Nickelhütte "]
[Site "?"]
[Date "2022.07.03"]
[Round "10.7"]
[White "Spiess, Gunter"]
[Black "Dudin, Gleb"]
[Result "1-0"]
[WhiteElo "2384"]
[BlackElo "2495"]
[PlyCount "59"]
[EventDate "2022.??.??"]

1. d4 Nf6 2. c4 e6 3. Nf3 d5 4. g3 Bb4+ 5. Bd2 Bd6 6. Nc3 O-O 7. Bg2 c6 8. Bg5
Be7 9. O-O Nbd7 10. Qd3 b6 11. cxd5 cxd5 12. Rfc1 Bb7 13. Rc2 h6 14. Bf4 Nh5
15. Bd2 a6 16. g4 Nhf6 17. g5 Ne4 18. gxh6 g6 19. Bf4 Ndf6 20. Ne5 Kh7 21. Rac1
Bd6 22. Nxe4 Nxe4 23. f3 Qh4 24. e3 Bxe5 25. Bxe5 Ng5 26. Bg3 Qh5 27. Rc7 Rac8
28. Qf1 Rxc7 29. Rxc7 Ba8 30. h4 1-0

[Event "2BLO 2122 SV Deggendorf - Nickelhütte "]
[Site "?"]
[Date "2022.07.03"]
[Round "10.8"]
[White "Krstic, Petar"]
[Black "Wichmann, Cliff"]
[Result "1/2-1/2"]
[WhiteElo "2292"]
[BlackElo "2314"]
[PlyCount "77"]
[EventDate "2022.??.??"]

1. d4 d5 2. Bf4 Nf6 3. e3 c5 4. c3 Nc6 5. Nd2 a6 6. Ngf3 cxd4 7. exd4 Bg4 8.
Be2 Bxf3 9. Nxf3 e6 10. O-O Bd6 11. Bxd6 Qxd6 12. Bd3 O-O 13. Re1 b5 14. a3 Na5
15. Qe2 Rfc8 16. Ne5 Qc7 17. g4 Nc4 18. g5 Nxe5 19. dxe5 Ne4 20. Bxe4 dxe4 21.
Qxe4 Qd8 22. h4 Ra7 23. Rad1 Rd7 24. Qe2 Rcc7 25. Kg2 h6 26. f4 Rc5 27. Rxd7
Qxd7 28. Rd1 Rd5 29. Rxd5 Qxd5+ 30. Kg3 hxg5 31. fxg5 g6 32. Kf4 Qh1 33. Qf2
Qd5 34. Qd4 Qg2 35. Qd8+ Kg7 36. Qf6+ Kg8 37. Qd8+ Kg7 38. Qf6+ Kg8 39. Qd8+
1/2-1/2

[Event "2BLO 2122 Erfurter SK - SC Bavaria Rege"]
[Site "?"]
[Date "2022.07.03"]
[Round "10.1"]
[White "Stocek, Jiri"]
[Black "Romanov, Evgeny"]
[Result "1/2-1/2"]
[WhiteElo "2541"]
[BlackElo "2581"]
[PlyCount "101"]
[EventDate "2022.??.??"]

1. d4 Nf6 2. c4 e6 3. Nf3 b6 4. a3 Ba6 5. Qc2 d5 6. cxd5 exd5 7. Bg5 Be7 8.
Bxf6 Bxf6 9. e4 Bb7 10. e5 Be7 11. Bb5+ Kf8 12. O-O g6 13. Re1 Kg7 14. Nc3 c6
15. Ba4 Na6 16. e6 fxe6 17. Rxe6 b5 18. Rae1 Bf6 19. Bb3 Nc7 20. R6e3 Qd6 21.
Qd2 Rae8 22. Rxe8 Rxe8 23. Rxe8 Nxe8 24. Ne2 Qe7 25. Nf4 Nd6 26. Nd3 Qe4 27.
Bc2 Nc4 28. Qd1 Qe7 29. h3 Bc8 30. Qc1 Bf5 31. Nb4 Be4 32. Bxe4 dxe4 33. Nxc6
Qe6 34. Nfe5 e3 35. fxe3 Bg5 36. Kh1 Bxe3 37. Qd1 Nxb2 38. d5 Qxe5 39. Qb3 Qg3
40. Qxb2+ Kh6 41. Qa1 Bf4 42. Kg1 Qb3 43. Qf6 Qd1+ 44. Kf2 Qd2+ 45. Kf1 Qc1+
46. Kf2 Be3+ 47. Kg3 Qxa3 48. Kg4 Qa4+ 49. Kg3 Qa3 50. Kg4 Qa4+ 51. Kg3 1/2-1/2

[Event "2BLO 2122 Erfurter SK - SC Bavaria Rege"]
[Site "?"]
[Date "2022.07.03"]
[Round "10.2"]
[White "Mihok, Oliver"]
[Black "Kaczur, Florian"]
[Result "1/2-1/2"]
[WhiteElo "2543"]
[BlackElo "2484"]
[PlyCount "53"]
[EventDate "2022.??.??"]

1. Nf3 Nf6 2. b3 c5 3. Bb2 Nc6 4. c4 g6 5. g3 Bg7 6. Bg2 b6 7. Nc3 Bb7 8. Ne4
O-O 9. Nxf6+ exf6 10. O-O d5 11. d4 dxc4 12. dxc5 bxc5 13. bxc4 Qxd1 14. Rfxd1
Na5 15. Nd2 Bxg2 16. Kxg2 f5 17. Bxg7 Kxg7 18. Nb3 Nxc4 19. Rac1 Nb2 20. Rd2 c4
21. Rxb2 cxb3 22. Rxb3 Rfc8 23. Rbc3 Rxc3 24. Rxc3 Re8 25. Kf3 Re6 26. Ra3 a6
27. Ra5 1/2-1/2

[Event "2BLO 2122 Erfurter SK - SC Bavaria Rege"]
[Site "?"]
[Date "2022.07.03"]
[Round "10.3"]
[White "Schneider, Jana"]
[Black "Haba, Petr"]
[Result "0-1"]
[WhiteElo "2338"]
[BlackElo "2454"]
[PlyCount "100"]
[EventDate "2022.??.??"]

1. e4 e6 2. d4 d5 3. e5 c5 4. c3 Nc6 5. Nf3 Bd7 6. Be2 Nge7 7. O-O Ng6 8. g3
Be7 9. h4 O-O 10. Bd3 Qb6 11. h5 Nh8 12. dxc5 Qxc5 13. Qc2 g6 14. Nbd2 Rac8 15.
Nb3 Qb6 16. Qe2 f5 17. exf6 Bxf6 18. Be3 Qc7 19. Nc5 Rce8 20. hxg6 Nxg6 21. Qc2
Bc8 22. Bxg6 hxg6 23. Qxg6+ Qg7 24. Qh5 e5 25. Bg5 b6 26. Nd3 Bxg5 27. Nxg5 e4
28. Nf4 Re5 29. Ng6 Rxg5 30. Qxg5 Rf5 31. Qg4 Kf7 32. c4 Qxg6 33. Qxg6+ Kxg6
34. cxd5 Nd4 35. Kg2 Rxd5 36. Rh1 Bg4 37. Rh8 Bf3+ 38. Kf1 Nc2 39. Rc1 Rd2 40.
Re8 Kf7 41. Re5 Nb4 42. g4 Nd3 43. Rc7+ Kf6 44. Rf5+ Ke6 45. Kg1 Rd1+ 46. Kh2
Rh1+ 47. Kg3 Rg1+ 48. Kh2 Rg2+ 49. Kh3 Nxf2+ 50. Kh4 Rxg4+ 0-1

[Event "2BLO 2122 Erfurter SK - SC Bavaria Rege"]
[Site "?"]
[Date "2022.07.03"]
[Round "10.4"]
[White "Enders, Peter"]
[Black "Kilgus, Georg"]
[Result "1/2-1/2"]
[WhiteElo "2420"]
[BlackElo "2387"]
[PlyCount "59"]
[EventDate "2022.??.??"]

1. e4 e5 2. Nf3 Nc6 3. Be2 Nf6 4. d3 g6 5. O-O Bg7 6. Nc3 O-O 7. Bg5 h6 8. Bh4
d6 9. Nd2 Nd4 10. Nd5 g5 11. Nxf6+ Qxf6 12. Bg3 Nxe2+ 13. Qxe2 Qg6 14. c4 c6
15. Rad1 Be6 16. Rfe1 Rfe8 17. h3 d5 18. b3 d4 19. c5 f6 20. Rc1 Bf8 21. Nc4
Reb8 22. Na5 Qf7 23. Rc2 Rc8 24. Rec1 Rc7 25. b4 Qe8 26. Nc4 Rd8 27. a4 Rg7 28.
Rb1 Rc8 29. Bh2 Rb8 30. Kh1 1/2-1/2

[Event "2BLO 2122 Erfurter SK - SC Bavaria Rege"]
[Site "?"]
[Date "2022.07.03"]
[Round "10.5"]
[White "Goldbeck, Lars"]
[Black "Mueller, Matthias"]
[Result "1/2-1/2"]
[WhiteElo "2212"]
[BlackElo "2387"]
[PlyCount "32"]
[EventDate "2022.??.??"]

1. d4 d5 2. c4 e6 3. Nf3 Nf6 4. Nc3 Be7 5. g3 O-O 6. Bg2 c5 7. cxd5 exd5 8. O-O
Nc6 9. b3 Ne4 10. Bb2 Bf6 11. Na4 Re8 12. Rc1 b6 13. dxc5 Bxb2 14. Nxb2 bxc5
15. Na4 Ba6 16. Re1 c4 1/2-1/2

[Event "2BLO 2122 Erfurter SK - SC Bavaria Rege"]
[Site "?"]
[Date "2022.07.03"]
[Round "10.6"]
[White "Weishaeutel, Moritz"]
[Black "Ganaus, Hannes"]
[Result "1/2-1/2"]
[WhiteElo "2407"]
[BlackElo "2259"]
[PlyCount "101"]
[EventDate "2022.??.??"]

1. e4 c6 2. d4 d5 3. exd5 cxd5 4. c4 Nf6 5. Nc3 e6 6. Nf3 Bb4 7. cxd5 exd5 8.
Bd3 O-O 9. O-O h6 10. h3 Nc6 11. Bf4 a6 12. Re1 Be6 13. a3 Bxc3 14. bxc3 Rc8
15. Qd2 Ne4 16. Bxe4 dxe4 17. Rxe4 Bd5 18. Ree1 Bxf3 19. gxf3 Qd5 20. Kh2 g5
21. Bg3 b5 22. f4 Rfe8 23. fxg5 hxg5 24. Rxe8+ Rxe8 25. Re1 Rxe1 26. Qxe1 Kf8
27. Qe2 Ne7 28. Qh5 f6 29. Qh8+ Kf7 30. Qb8 Qc6 31. Qc7 Ke6 32. Qd8 Nd5 33.
Qg8+ Ke7 34. h4 gxh4 35. Bxh4 Qe6 36. Qg7+ Qf7 37. Qg3 Qh7 38. Qe5+ Kf8 39.
Qd6+ Kg7 40. Qxd5 Qxh4+ 41. Kg1 Qf4 42. Qd7+ Kg6 43. Qe8+ Kg7 44. Qe3 Qf5 45.
Kg2 Kf7 46. Kg3 Qd5 47. f4 Qd6 48. Qc1 f5 49. Qb2 Qe7 50. Qb3+ Kg7 51. a4
1/2-1/2

[Event "2BLO 2122 Erfurter SK - SC Bavaria Rege"]
[Site "?"]
[Date "2022.07.03"]
[Round "10.7"]
[White "Oberhofer, Cedric"]
[Black "Voekler, Bernd"]
[Result "0-1"]
[WhiteElo "2287"]
[BlackElo "2342"]
[PlyCount "72"]
[EventDate "2022.??.??"]

1. e4 c5 2. Nf3 d6 3. d4 cxd4 4. Nxd4 Nf6 5. Nc3 a6 6. Bc4 e6 7. O-O Nc6 8.
Nxc6 bxc6 9. Qf3 e5 10. Qg3 Nh5 11. Qf3 Nf6 12. h3 Be7 13. Be3 O-O 14. Rad1 Qc7
15. Qe2 Qb7 16. Bb3 a5 17. f4 a4 18. fxe5 dxe5 19. Nxa4 Qb4 20. Nb6 Ba6 21. c4
Rad8 22. Rxf6 Rxd1+ 23. Qxd1 Rd8 24. Nd7 gxf6 25. Qf3 Rxd7 26. Qg4+ Kf8 27.
Qxd7 Qe1+ 28. Kh2 Qxe3 29. Qxc6 Bc5 30. Qxf6 Qg1+ 31. Kg3 Qe1+ 32. Kg4 Qxe4+
33. Kh5 Qg6+ 34. Qxg6 hxg6+ 35. Kg4 f5+ 36. Kf3 Bb7+ 0-1

[Event "2BLO 2122 Erfurter SK - SC Bavaria Rege"]
[Site "?"]
[Date "2022.07.03"]
[Round "10.8"]
[White "Scheftlein, Richard"]
[Black "Bauer, Thomas"]
[Result "1-0"]
[WhiteElo "2268"]
[BlackElo "2225"]
[PlyCount "83"]
[EventDate "2022.??.??"]

1. d4 Nf6 2. c4 g6 3. Nc3 Bg7 4. e4 d6 5. Nf3 O-O 6. Be2 Nbd7 7. Be3 e5 8. d5
Ng4 9. Bg5 f6 10. Bh4 Nh6 11. Nd2 g5 12. Bg3 f5 13. exf5 Nxf5 14. Nde4 Nd4 15.
Bg4 Nb6 16. Bxc8 Rxc8 17. Qd3 c6 18. O-O Rf7 19. dxc6 Rxc6 20. b3 d5 21. cxd5
Nxd5 22. Nxd5 Qxd5 23. Rad1 h6 24. f3 Rfc7 25. Kh1 a5 26. Rd2 b5 27. h3 Qe6 28.
Re1 Qf6 29. Nf2 Rc2 30. Rxc2 Rxc2 31. Re4 Qf7 32. Ng4 Rxa2 33. Nxe5 Bxe5 34.
Bxe5 Nxb3 35. Qd8+ Qf8 36. Qb6 Kh7 37. Qb7+ Kg6 38. Qc6+ Kh7 39. Qd7+ Kg8 40.
Bd6 Ra1+ 41. Kh2 Nd2 42. Bxf8 1-0

[Event "2BLO 2122 FC Bayern München II - MSA Z"]
[Site "?"]
[Date "2022.07.03"]
[Round "10.1"]
[White "Mons, Leon"]
[Black "Belezky, Alexander"]
[Result "1-0"]
[WhiteElo "2523"]
[BlackElo "2346"]
[PlyCount "63"]
[EventDate "2022.??.??"]

1. d4 Nf6 2. c4 g6 3. Nc3 Bg7 4. e4 d6 5. Nf3 O-O 6. Be2 c6 7. O-O a6 8. h3 b5
9. e5 dxe5 10. dxe5 Nfd7 11. e6 fxe6 12. Be3 Ne5 13. Nxe5 Bxe5 14. Qb3 Qa5 15.
Rfd1 Bc7 16. c5 Bf4 17. Bd4 Kf7 18. g3 Bg5 19. Ne4 Bh6 20. Be3 Bxe3 21. Qxe3
Kg7 22. Ng5 h6 23. Nxe6+ Bxe6 24. Qxe6 Qc7 25. Rd4 Rf6 26. Qe3 a5 27. Rad1 Ra7
28. Bg4 h5 29. Be6 Na6 30. Rd8 Kh7 31. Rh8+ Kxh8 32. Qh6# 1-0

[Event "2BLO 2122 FC Bayern München II - MSA Z"]
[Site "?"]
[Date "2022.07.03"]
[Round "10.2"]
[White "Zajogin, Alexander"]
[Black "Bromberger, Stefan"]
[Result "1/2-1/2"]
[WhiteElo "2409"]
[BlackElo "2483"]
[PlyCount "68"]
[EventDate "2022.??.??"]

1. d4 Nf6 2. Nf3 g6 3. Nbd2 d5 4. c4 c5 5. dxc5 Bg7 6. e3 O-O 7. Nb3 Be6 8.
Nfd4 Bg4 9. Be2 Bxe2 10. Qxe2 e5 11. Nb5 Nc6 12. O-O d4 13. exd4 exd4 14. Rd1
Re8 15. Qf1 Ne4 16. f3 a6 17. fxe4 axb5 18. cxb5 Ne5 19. Nxd4 Ng4 20. Nf3 Qe7
21. Qc4 Ra4 22. Qxa4 Qxc5+ 23. Nd4 Rd8 24. Be3 Nxe3 25. Nb3 Rxd1+ 26. Rxd1 Qc2
27. Rd8+ Bf8 28. Rd2 Qb1+ 29. Kf2 Ng4+ 30. Ke2 Nxh2 31. Rd1 Qc2+ 32. Rd2 Qb1
33. Rd1 Qc2+ 34. Rd2 Qb1 1/2-1/2